000 01056nam a2200373 a 4500
003 AR-BaBNM
005 20251128205900.0
008 082120s2002 ||||||||||||||000 | spa||
020 _a84-8019-246-1
040 _cAR-BaBNM
245 0 0 _aLa educación física en el segundo ciclo de primaria
_bdesarrollo curricular
250 _a1ª ed.
260 _aBarcelona
_bPaidotribo
_c1996
300 _a540 p.
_bil.
490 0 _aEducación física & enseñanza
504 _aBibliografía p. 535-540
650 4 _aEDUCACION FISICA
650 4 _aPLANIFICACION DE LA EDUCACION
650 4 _aJUEGOS EDUCATIVOS
650 4 _aDEPORTE
650 4 _aACTIVIDADES DEPORTIVAS
650 4 _aMUSICA
650 4 _aRITMO
650 4 _aDANZA
650 4 _aCOSTUMBRES Y TRADICIONES
653 _aEDUCACION PRIMARIA
653 _aEXPRESION CORPORAL
700 1 _aBantula, Jaume
700 1 _aBusto Marchante, Conxita
700 1 _aCarranza Gil-Dolz del Castelar, Marta
700 1 _aVallés Casademont, Carles
942 _cBK
998 _cCarmen
999 _c13137
_d13137